[Event "Catalunya-ch"]
[Site "Barcelona"]
[Date "2002.03.24"]
[Round "1.1"]
[White "Moskalenko, Viktor"]
[Black "Espejo Gonzalez, Enrique"]
[Result "1-0"]
[WhiteElo "2538"]
[BlackElo "2142"]
[PlyCount "55"]
[EventDate "2002.03.24"]
[EventType "swiss"]
[EventRounds "9"]
[EventCountry "ESP"]
[SourceTitle "EXT 2003"]
[Source "ChessBase"]
[SourceDate "2002.11.25"]
[SourceVersion "1"]
[SourceVersionDate "2002.11.25"]
[SourceQuality "1"]

1. c4 c5 2. Nf3 Nf6 3. Nc3 Nc6 4. e3 e6 5. d4 d5 6. a3 cxd4 7. exd4 dxc4 8. Bxc4 Bd6 9. 0-0 0-0 10. Re1 a6 11. Bg5 h6 12. Bh4 g5 13. Bg3 Bxg3 14. hxg3 g4 15. Ne5 Qxd4 16. Nxc6 Qxc4 17. Ne5 Qc5 18. Nxg4 Nxg4 19. Qxg4+ Qg5 20. Qf3 f5 21. Rad1 Rd8 22. Rxd8+ Qxd8 23. Rd1 Qf6 24. g4 Kg7 25. gxf5 exf5 26. Nd5 Qxb2 27. Qg3+ Kh7 28. Re1 1-0